MARC

LEADER 00000nam0a2200000 4500
001 350928
005 20231102010343.0
035 |a (RuTPU)RU\TPU\retro\5308 
090 |a 350928 
100 |a 20190314d1963 m y0rusy50 ca 
101 1 |a rus  |c pol 
102 |a RU 
105 |a y z 000fy 
200 1 |a Рассказы  |e пер. с пол.  |f Е. Путрамент 
210 |a Москва  |c Изд-во иностранной литературы  |d 1963 
215 |a 104 с. 
317 |5 63413507: КР-6286  |a Поступила в НТБ в 1987 г. в дар от вдовы ученого Е. К. Завадовской 
606 1 |a Польская литература  |2 stltpush  |3 (RuTPU)RU\TPU\subj\50785  |9 69434 
610 1 |a проза 
610 1 |a рассказы 
610 1 |a библиотека А. А. Воробьева 
610 1 |a дары библиотеке 
675 |a 884  |v 4 
700 1 |a Путрамент  |b Е.  |g Ежи 
801 1 |a RU  |b 63413507  |c 20190314 
801 2 |a RU  |b 63413507  |c 20190605  |g RCR 
942 |c BK